00513nam a2200193 a 4500001001300000003000900013005001700022008004100039020001000080082001300090100002000103245005600123260003500179300000800214500003500222505002900257650001300286700002000299nice12345678IN_TiNIC20260116012059.0050524s1929 newa grp 000 0 eng  ac10000a266bSOP aSoper, Edmund D aBiblical Background of the Christian World Mission. aNew YorkbAbingdon Pressc1929 a79p aincludes index and biblioraphy2 aQuestion and Assignments aMissions1 aSoper, Edmund D